000 00530nam a2200157 4500
999 _c16851
_d16851
008 220411b ||||| |||| 00| 0 eng d
022 _a0117-3308
082 _aDPer 004.1105 C73 Sept 2010 - April 2011 v. 20 n. 3-9
100 _aBernad, Melba.
_945032
245 _aCIOs slash budgets to pay for upgrades/
_cMelba Bernad.
260 _aPhilippines:
_bSchneider Electric,
_c©2010-2011.
300 _av20 n4, page 4:
_billustrations:
_c27 cm.
500 _aComputer world.
650 _aBusiness budget.
_945033
942 _2ddc
_cPER